000 00325nam a2200121Ia 4500
008 190415s9999 xx 000 0 und d
082 _a015.68 GUP-I
100 _aGupta, Vijay
245 0 _aIndia and South Africa and South African Indians : Bibliography and documentatio
260 _c1994
300 _a124p.
942 _cBK
999 _c15320
_d15320